00835 2200301 4500001002100000005001500021035002000036007000300056040001700059100003000076245008200106250001800188300003600206020001800242041000800260082001000268090001800278264003300296336002100329337003000350338002300380650001200403850001000415008004100425500002000466504002500486990002200511INLIS00000000000574520260426114413 a0010-0222000835ta aSBPUPADbInd0 aSadono SukirnoePengarang1 aEkonomi Pembangunan :bProses, Masalah, Dan Dasar Kebijakan /cSadono Sukirno a.-Ed.2, Cet.2 axii, 348 hlm. :bilus. ;c25 cm a979-3925-37-X0 aInd a330.9 a332 HAR m 9-2 a.--Jakarta :bKencana,c2007 2rdacontentaTeks 2rdamediaaTanpa Perantara 2rdacarrieraVolume 4aEkonomi aPUPAD260426 0  aIndeks, hal 337 aBibliografi, hal 333 a5865/ARPUS-PDG/08